| 000 | 01407nam a2200301 i 4500 | ||
|---|---|---|---|
| 001 | 169075 | ||
| 003 | ES-MaACL | ||
| 005 | 20250804062630.0 | ||
| 008 | 080806s2006 sp |||| | spa d | ||
| 020 | _a84-8103-453-3 | ||
| 080 | _a821.134.2-31"19" | ||
| 080 | _a94(460)"18"(0:82) | ||
| 100 | 1 |
_aPérez Galdós, Benito, _d1843-1920 _990871 |
|
| 240 | 1 | 0 |
_aEpisodios nacionales. _pSegunda serie |
| 245 | 1 | 0 |
_aEpisodios nacionales. _nSegunda serie / _cBenito Pérez Galdós ; proyecto y edición de Yolanda Arencibia. |
| 260 |
_aLas Palmas de Gran Canaria : _bCabildo de Gran Canaria, _c2006. |
||
| 300 |
_a2 v. ; _c21 cm. |
||
| 490 | 1 |
_aArte, naturaleza y verdad ; _v4-5 |
|
| 505 | 8 |
_aContiene: I ; _tEl equipaje del rey José ; Memorias de un cortesano de 1815 ; La segunda casaca ; El Grande Oriente ; 7 de julio / _rprólogo de Jaime Olmedo - II. -- _tLos cien mil hijos de San Luis ; El terror de 1824 ; Un voluntario realista ; Los apostólicos ; Un faccioso más y algunos frailes menos / _rprólogo de Geoffrey Ribbans |
|
| 651 | 4 |
_aEspaña- _xHistoria- _yS.XIX- _vNovelas. _9138159 |
|
| 700 | 1 |
_aArencibia, Yolanda _922611 |
|
| 700 | 1 |
_aOlmedo, Jaime. _9138158 |
|
| 700 | 1 |
_aRibbans, Geoffrey. _996739 |
|
| 710 | 2 |
_aGran Canaria. _bCabildo Insular. _92264 |
|
| 830 | 0 |
_aArte, naturaleza y verdad ; _v4-5 _9188837 |
|
| 852 |
_aES-MaACL _jL-29560-61 |
||
| 999 |
_c169075 _d169075 |
||